000 00825nam a2200253Ia 4500
003 OSt
005 20220930075231.0
006 a|||||r|||| 00| 0
007 ta
008 220926b |||||||| |||| 00| 0 eng d
024 _a80029
037 _cTheses
040 _aCRL
_cCRL
_beng
041 _2eng
_aeng
100 _aBikhchandani Jai
_9536019
110 _aUniversity of Delhi. Faculty of Medical Sciences. Department of Surgery
245 0 _aComparatrive evaluation of stapled haemorrhoidectomy versus open (Milligan-Morgan) haemorrhoidectomy
260 _c2003
650 _aSURGERY
700 _a Dr. P. N. Agarwal Gu.
_9536020
700 _aUniversity of Delhi. Faculty of Medical Sciences. Department of Surgery
942 _cDIS
_2CC
999 _c867907
_d867907